Current biography yearbook (Бичлэгийн дугаар. 145680)
| 000 -УДИРДЛАГА | |
|---|---|
| Удирдлага | 00572nam a22002297a 4500 |
| 003 - ХЯНАЛТЫН ТОО ТОДОРХОЙЛОГЧ | |
| Код | MN-UlNUM |
| 005 - БИЧИЛТ ХИЙСЭН ОГНОО | |
| Тухайн бичилтийг бичсэн засварласан сүүлийн огноо | 20251118151822.0 |
| 008 - ЕРӨНХИЙ МЭДЭЭЛЭЛ | |
| Ерөнхий мэдээлэл | 251118s1993 nyuap 001 | eng d |
| 040 ## - БИЧЛЭГ ҮҮСГЭГЧ БАЙГУУЛЛАГА | |
| Бичлэг үүсгэгч номын сангийн код | МУИС-ийн номын сан |
| 084 ## - ББК АНГИЛАЛ | |
| Нэмэлт тусгалт | Номзүйн гарын авлага, лавлах хэвлэл |
| ББК ангилал | 92 |
| Зохиогчийн гурван тэмдэгт | C 95 |
| Мэдлэгийн ялгаа | 9 - Лавлах хэвлэл |
| 245 00 - ҮНДСЭН ГАРЧИГ | |
| Номын нэр | Current biography yearbook |
| 260 ## - ГАРАЛТЫН МЭДЭЭ | |
| Хэвлэгдсэн газар | New York |
| Хэвлэлийн газар | H.W. Wilson |
| Хэвлэгдсэн он | 1993 |
| 300 ## - МАТЕРИАЛЫН ТОДОРХОЙЛОЛТ | |
| хуудасны тоо | 659 |
| 500 ## - Тайлбар | |
| Дансны дугаар | БС 3941 |
| 546 ## - ХЭЛНИЙ ТУХАЙ МЭДЭЭ | |
| Хэл | Англи хэл дээр, |
| 653 ## - Түлхүүр үг | |
| Түлхүүр үг | biography |
| 653 ## - Түлхүүр үг | |
| Түлхүүр үг | biographies |
| 653 ## - Түлхүүр үг | |
| Түлхүүр үг | reference works |
| 942 ## - ЭЛЕМЕНТИЙН ТӨРӨЛ | |
| Зүйлийн төрөл | Ном |
